00289pam a2200109 a 4500020000500000041000500005082001100010100003600021245007900057260003500136300000800171 c h a382.92 aDEBROY / KAUSHIK (P.D.)eauthor aIndian Industrys Guide to the World Trade Organisation hTextual Document bConfederation of India -c1999 a179